000 00891nam a22002417a 4500
999 _c64031
_d64031
005 20240530110711.0
008 180121s2015 ua a f b 000 0dara d
017 _a2015/11674
_bمصر. دار الكتب
020 _a9789770933510
040 _aEG-CaGPL
_cEG-CaGPL
082 0 4 _221
_a305.420962
_bق/م ن
100 0 _aمروة على حسنين
245 1 0 _aنساء الاسرة العلوية ودورهن فى المجتمع المصرى 1922 - 1953 /
_cمروة على حسنين .
250 _aط.1
260 _aالقاهرة :
_bدار الشروق ،
_c2015 .
300 _a281 ص. ؛
_c24 سم.
504 _aببليوجرافية : ص 269 - 281
600 0 7 _aطلعت حرب
650 0 7 _2qrmak
_aالاسرة العلوية
651 0 7 _2qrmak
_aمصر
_xالاحوال الثقافية
942 _2ddc
_cBK